000 00385cam a2200169ua 4500
001 7592
008 121116n1982 II |||gr||||Z||||||asm
040 _aMAIN
041 _aEnglish
082 _a891.451 BUR
100 _aBURMAN , SIBNATH .
245 _aNA MANUASIYATRA
260 _aGUWAHATI
_bLBS PUBLISHERS
_c1982
300 _a270.
653 _aASSAMESE LITERATURE
942 _cBK
999 _c7577
_d7577